[Event "George Trundle Challengers"]
[Site "Auckland"]
[Date "2014.10.05"]
[Round "9"]
[White "Huang, Alex"]
[Black "Stuart, Peter W"]
[Result "1-0"]
[WhiteElo "2048"]
[BlackElo "2015"]
[PlyCount "61"]
[EventDate "2014.09.27"]
[EventType "tourn"]
[EventRounds "9"]
[EventCountry "NZL"]
[SourceTitle "EXT 2018"]
[Source "ChessBase"]
[SourceDate "2017.10.13"]
[SourceVersion "1"]
[SourceVersionDate "2017.10.13"]
[SourceQuality "1"]

1. e4 c5 2. Nf3 e6 3. d4 cxd4 4. Nxd4 Nc6 5. Nc3 Qc7 6. Be3 a6 7. Bd3 Nf6 8. 0-0 Nxd4 9. Bxd4 Bc5 10. Bxf6 gxf6 11. Qg4 Kf8 12. Qh4 Qe5 13. Qh6+ Ke7 14. Qg7 Rf8 15. Qxh7 b5 16. Rae1 Bb7 17. Nd5+ Kd8 18. b4 Ba7 19. Qg7 Bxd5 20. exd5 Qd6 21. Qxf6+ Kc7 22. dxe6 dxe6 23. Qe5 Rad8 24. a4 Bd4 25. Qxd6+ Rxd6 26. axb5 axb5 27. Bxb5 Bc3 28. Re4 Rb8 29. Rc4+ Kd8 30. Rxc3 Rxb5 31. Rb3 1-0

[Event "George Trundle Challengers"]
[Site "Auckland"]
[Date "2014.10.02"]
[Round "6"]
[White "Stuart, Peter W"]
[Black "Lim, Benjamin U"]
[Result "1/2-1/2"]
[WhiteElo "2015"]
[BlackElo "1995"]
[PlyCount "43"]
[EventDate "2014.09.27"]
[EventType "tourn"]
[EventRounds "9"]
[EventCountry "NZL"]
[SourceTitle "EXT 2018"]
[Source "ChessBase"]
[SourceDate "2017.10.13"]
[SourceVersion "1"]
[SourceVersionDate "2017.10.13"]
[SourceQuality "1"]

1. c4 c5 2. Nc3 Nf6 3. g3 d5 4. cxd5 Nxd5 5. Bg2 e6 6. Nf3 Nc6 7. 0-0 Nc7 8. b3 Be7 9. Bb2 0-0 10. d3 Rb8 11. Ne4 b6 12. Ne5 Nxe5 13. Bxe5 f6 14. Bb2 e5 15. Qc2 Be6 16. Nd2 Qd7 17. Nf3 Rbd8 18. Rac1 Nd5 19. Bc3 Nxc3 20. Qxc3 Rc8 21. Rfd1 Rfd8 22. Qc2 1/2-1/2

[Event "George Trundle Challengers"]
[Site "Auckland"]
[Date "2014.09.30"]
[Round "4"]
[White "Gibbons, Robert"]
[Black "Stuart, Peter W"]
[Result "1/2-1/2"]
[WhiteElo "1957"]
[BlackElo "2015"]
[PlyCount "20"]
[EventDate "2014.09.27"]
[EventType "tourn"]
[EventRounds "9"]
[EventCountry "NZL"]
[SourceTitle "EXT 2018"]
[Source "ChessBase"]
[SourceDate "2017.10.13"]
[SourceVersion "1"]
[SourceVersionDate "2017.10.13"]
[SourceQuality "1"]

1. c4 c5 2. Nc3 Nc6 3. Nf3 e6 4. g3 b6 5. Bg2 Bb7 6. 0-0 Nf6 7. d4 Nxd4 8. Nxd4 Bxg2 9. Kxg2 cxd4 10. Qxd4 Qc7 1/2-1/2

[Event "NZL-ch Seniors"]
[Site "Howick"]
[Date "2014.04.05"]
[Round "3"]
[White "Bennett, Hilton Petrie"]
[Black "Stuart, Peter W"]
[Result "1/2-1/2"]
[WhiteElo "2010"]
[BlackElo "2029"]
[PlyCount "32"]
[EventDate "2014.04.04"]
[EventType "swiss"]
[EventRounds "7"]
[EventCountry "NZL"]
[SourceTitle "EXT 2018"]
[Source "ChessBase"]
[SourceDate "2017.10.13"]
[SourceVersion "1"]
[SourceVersionDate "2017.10.13"]
[SourceQuality "1"]

1. e4 c5 2. Nc3 Nc6 3. f4 e6 4. Nf3 Nge7 5. d4 cxd4 6. Nxd4 Nxd4 7. Qxd4 Nc6 8. Qf2 d5 9. Bd3 d4 10. Nb1 Nb4 11. 0-0 Bc5 12. Nd2 0-0 13. Nf3 f6 14. Kh1 Nxd3 15. cxd3 Bd7 16. a3 a5 1/2-1/2

[Event "NZL-ch 121st"]
[Site "Auckland"]
[Date "2014.01.11"]
[Round "8"]
[White "Yang, Scott"]
[Black "Stuart, Peter W"]
[Result "1/2-1/2"]
[WhiteElo "2027"]
[BlackElo "2033"]
[PlyCount "113"]
[EventDate "2014.01.04"]
[EventType "swiss"]
[EventRounds "9"]
[EventCountry "NZL"]
[SourceTitle "CBM 158 Extra"]
[Source "ChessBase"]
[SourceDate "2014.02.28"]
[SourceVersion "1"]
[SourceVersionDate "2014.02.28"]
[SourceQuality "1"]

1. d4 Nf6 2. Nf3 e6 3. c4 Bb4+ 4. Bd2 Qe7 5. g3 Nc6 6. Bg2 Ne4 7. 0-0 Nxd2 8. Nbxd2 Bxd2 9. Qxd2 d6 10. b4 e5 11. d5 Nd8 12. Rfc1 f6 13. c5 Bd7 14. a4 0-0 15. Rc4 Nf7 16. e4 Rfc8 17. Ne1 a6 18. Qa2 a5 19. Qb3 axb4 20. cxd6 Nxd6 21. Rxb4 b6 22. Nd3 Ra7 23. Rc1 Rca8 24. Nb2 Kf8 25. Bf1 Nb7 26. Qc4 Nc5 27. Qc2 Bxa4 28. Qc4 Be8 29. Nd3 Ra5 30. Rc2 Qd6 31. Kg2 Nxd3 32. Bxd3 Rc5 33. Qb3 Rxc2 34. Bxc2 Ra5 35. Bd3 Bd7 36. h4 Rc5 37. Bc4 Ra5 38. Bd3 Ke7 39. Kf3 Be8 40. Kg2 Kd8 41. Qb2 Qc5 42. Rc4 Qa3 43. Qc2 Rc5 44. Rxc5 bxc5 45. Qc4 Qa5 46. g4 h6 47. Kg3 Qd2 48. f3 Qa5 49. h5 Qb6 50. Kf2 Qb2+ 51. Kg3 Qa3 52. Be2 Qa5 53. Kf2 Bf7 54. Bd3 Ke7 55. Ke2 Kd6 56. Qb3 Qb6 57. Qa4 1/2-1/2

[Event "NZL-ch 121st"]
[Site "Auckland"]
[Date "2014.01.07"]
[Round "4"]
[White "Stuart, Peter W"]
[Black "Morrell, Gordon"]
[Result "1/2-1/2"]
[WhiteElo "2033"]
[BlackElo "2159"]
[PlyCount "32"]
[EventDate "2014.01.04"]
[EventType "swiss"]
[EventRounds "9"]
[EventCountry "NZL"]
[SourceTitle "CBM 158 Extra"]
[Source "ChessBase"]
[SourceDate "2014.02.28"]
[SourceVersion "1"]
[SourceVersionDate "2014.02.28"]
[SourceQuality "1"]

1. c4 e5 2. Nc3 Nf6 3. Nf3 d6 4. g3 g6 5. Bg2 Bg7 6. d3 0-0 7. 0-0 Nh5 8. e4 Nc6 9. Ne1 Be6 10. Nc2 Qd7 11. Nd5 Nd4 12. Nxd4 exd4 13. Nf4 Nxf4 14. Bxf4 c6 15. Qc2 Rfe8 16. Rfe1 Be5 1/2-1/2

[Event "NZL-ch 121st"]
[Site "Auckland"]
[Date "2014.01.06"]
[Round "3"]
[White "Vinod, Kumar"]
[Black "Stuart, Peter W"]
[Result "1/2-1/2"]
[WhiteElo "1989"]
[BlackElo "2033"]
[PlyCount "61"]
[EventDate "2014.01.04"]
[EventType "swiss"]
[EventRounds "9"]
[EventCountry "NZL"]
[SourceTitle "CBM 158 Extra"]
[Source "ChessBase"]
[SourceDate "2014.02.28"]
[SourceVersion "1"]
[SourceVersionDate "2014.02.28"]
[SourceQuality "1"]

1. d4 Nf6 2. c4 e6 3. Nf3 Bb4+ 4. Bd2 Qe7 5. g3 b6 6. Bg2 Bb7 7. 0-0 Bxd2 8. Nbxd2 0-0 9. Qc2 d6 10. e4 e5 11. d5 Nbd7 12. b4 a5 13. a3 axb4 14. axb4 Rxa1 15. Rxa1 Ra8 16. Rxa8+ Bxa8 17. Qa4 Qd8 18. Bh3 Kf8 19. Nb3 Ke7 20. c5 bxc5 21. bxc5 dxc5 22. Bxd7 Nxd7 23. Qa5 Bb7 24. Nxc5 Nxc5 25. Qxc5+ Qd6 26. Qc3 f6 27. Nh4 g6 28. Qc1 Kf7 29. Ng2 c6 30. Qb1 Qd7 31. dxc6 1/2-1/2

[Event "NZL-ch 120th"]
[Site "Wellington"]
[Date "2013.01.10"]
[Round "11"]
[White "Stuart, Peter W"]
[Black "Van der Hoorn, Mark"]
[Result "0-1"]
[WhiteElo "2036"]
[BlackElo "2158"]
[PlyCount "86"]
[EventDate "2012.12.31"]
[EventType "swiss"]
[EventRounds "11"]
[EventCountry "NZL"]
[SourceTitle "CBM 152 Extra"]
[Source "ChessBase"]
[SourceDate "2013.02.25"]
[SourceVersion "1"]
[SourceVersionDate "2013.02.25"]
[SourceQuality "1"]

1. c4 d5 2. cxd5 Nf6 3. Nc3 Nxd5 4. g3 e5 5. Bg2 Be6 6. d3 Nc6 7. Nf3 f6 8. 0-0 Bc5 9. a3 Qd7 10. Qc2 Bb6 11. Bd2 0-0-0 12. Na4 h5 13. Nxb6+ axb6 14. Rfc1 Bh3 15. Bh1 h4 16. b4 hxg3 17. fxg3 Kb8 18. b5 Nd4 19. Nxd4 exd4 20. Qc4 Rhe8 21. Bf3 Bg4 22. Qxd4 Bxf3 23. exf3 Re2 24. Bf4 Nxf4 25. Qxd7 Rxd7 26. gxf4 Rxd3 27. Re1 Rxa3 28. Rxe2 Rxa1+ 29. Kg2 Rb1 30. Re8+ Ka7 31. Re7 Rxb5 32. Rxc7 Rc5 33. Rxg7 b5 34. Re7 b4 35. Re4 Rb5 36. Re1 Ka6 37. Kf2 b3 38. Ke3 b2 39. Rb1 Ka5 40. Kd3 Ka4 41. Kc4 Rb4+ 42. Kc3 Ka3 43. h4 Ka2 0-1

[Event "NZL-ch 120th"]
[Site "Wellington"]
[Date "2013.01.06"]
[Round "7"]
[White "Stuart, Peter W"]
[Black "Li, William Xiang Wei"]
[Result "1/2-1/2"]
[WhiteElo "2036"]
[BlackElo "1801"]
[PlyCount "87"]
[EventDate "2012.12.31"]
[EventType "swiss"]
[EventRounds "11"]
[EventCountry "NZL"]
[SourceTitle "CBM 152 Extra"]
[Source "ChessBase"]
[SourceDate "2013.02.25"]
[SourceVersion "1"]
[SourceVersionDate "2013.02.25"]
[SourceQuality "1"]

1. c4 c6 2. Nf3 Nf6 3. g3 d5 4. b3 e6 5. Bb2 Bd6 6. Bg2 0-0 7. 0-0 Re8 8. d4 Nbd7 9. Nbd2 c5 10. Qc2 Qc7 11. Rac1 b6 12. e4 dxe4 13. Ng5 Bb7 14. Ngxe4 Nxe4 15. Nxe4 Be7 16. dxc5 Nxc5 17. Rfd1 Nxe4 18. Bxe4 Bxe4 19. Qxe4 Rad8 20. Qe5 Qxe5 21. Bxe5 Ba3 22. Rb1 Kf8 23. Kf1 f6 24. Bc7 Rxd1+ 25. Rxd1 Ke7 26. Bf4 Rd8 27. Rxd8 Kxd8 28. Ke2 Kd7 29. f3 h5 30. Kd3 Bc5 31. Bd2 a5 32. Bc3 e5 33. h3 Ke6 34. g4 hxg4 35. hxg4 g6 36. Ke4 f5+ 37. gxf5+ gxf5+ 38. Kd3 Bd6 39. Be1 Bc5 40. Bh4 Kd6 41. Bd8 Kd7 42. Bh4 Kd6 43. Bg3 Ke6 44. Bh4 1/2-1/2

[Event "NZL-ch 120th"]
[Site "Wellington"]
[Date "2013.01.03"]
[Round "4"]
[White "Stuart, Peter W"]
[Black "Nyberg, Michael"]
[Result "1/2-1/2"]
[WhiteElo "2036"]
[BlackElo "1964"]
[PlyCount "76"]
[EventDate "2012.12.31"]
[EventType "swiss"]
[EventRounds "11"]
[EventCountry "NZL"]
[SourceTitle "CBM 152 Extra"]
[Source "ChessBase"]
[SourceDate "2013.02.25"]
[SourceVersion "1"]
[SourceVersionDate "2013.02.25"]
[SourceQuality "1"]

1. c4 c6 2. Nf3 Nf6 3. g3 d5 4. b3 Nbd7 5. Bb2 e6 6. Bg2 Bd6 7. cxd5 exd5 8. d4 Qe7 9. 0-0 0-0 10. Qc2 Ne4 11. Nc3 Ndf6 12. e3 Bg4 13. Nd2 Bf5 14. Ndxe4 dxe4 15. Rfe1 Bg6 16. a4 Rfe8 17. Qc1 Nd5 18. Nxd5 cxd5 19. Ba3 Rac8 20. Bxd6 Qxd6 21. Qb2 Bf5 22. Rec1 Qb4 23. h4 h6 24. Kh2 Bd7 25. Bh3 Rxc1 26. Rxc1 Bxa4 27. Qc3 Qxb3 28. Qxb3 Bxb3 29. Rb1 Bc4 30. Rxb7 Ra8 31. Bd7 g6 32. g4 a5 33. Ba4 Kg7 34. g5 hxg5 35. hxg5 Rh8+ 36. Kg3 Ra8 37. Kf4 Ba6 38. Rd7 Bc4 1/2-1/2

[Event "NZL-ch 120th"]
[Site "Wellington"]
[Date "2013.01.02"]
[Round "3"]
[White "Russell, Athula"]
[Black "Stuart, Peter W"]
[Result "1-0"]
[WhiteElo "2274"]
[BlackElo "2036"]
[PlyCount "53"]
[EventDate "2012.12.31"]
[EventType "swiss"]
[EventRounds "11"]
[EventCountry "NZL"]
[SourceTitle "CBM 152 Extra"]
[Source "ChessBase"]
[SourceDate "2013.02.25"]
[SourceVersion "1"]
[SourceVersionDate "2013.02.25"]
[SourceQuality "1"]

1. d4 Nf6 2. c4 e6 3. Nc3 Bb4 4. e3 b6 5. Nge2 Ba6 6. Ng3 Bxc3+ 7. bxc3 0-0 8. e4 d6 9. Bd3 Nbd7 10. 0-0 c5 11. f4 Qc7 12. e5 Ne8 13. Qc2 g6 14. f5 dxe5 15. fxe6 fxe6 16. Bh6 Ng7 17. Bxg6 hxg6 18. Qxg6 Rxf1+ 19. Rxf1 Nf8 20. Qg4 Bxc4 21. Rf6 Re8 22. Nh5 Re7 23. Qf3 Rf7 24. Bxg7 Nh7 25. Qa8+ Nf8 26. Bxf8 Rxf6 27. Bd6+ 1-0

[Event "NZL-ch 120th"]
[Site "Wellington"]
[Date "2012.12.31"]
[Round "1"]
[White "Wastney, Scott C"]
[Black "Stuart, Peter W"]
[Result "1-0"]
[WhiteElo "2313"]
[BlackElo "2036"]
[PlyCount "85"]
[EventDate "2012.12.31"]
[EventType "swiss"]
[EventRounds "11"]
[EventCountry "NZL"]
[SourceTitle "CBM 152 Extra"]
[Source "ChessBase"]
[SourceDate "2013.02.25"]
[SourceVersion "1"]
[SourceVersionDate "2013.02.25"]
[SourceQuality "1"]

1. e4 c5 2. Nf3 e6 3. d4 cxd4 4. Nxd4 Nc6 5. Nc3 Qc7 6. f4 a6 7. Be3 b5 8. Bd3 Bb7 9. Nb3 Nf6 10. 0-0 d6 11. a4 b4 12. Nb1 Be7 13. N1d2 d5 14. e5 Nd7 15. a5 Ncb8 16. Qe2 Nc5 17. Nxc5 Bxc5 18. f5 Bxe3+ 19. Qxe3 Nd7 20. fxe6 fxe6 21. Nf3 0-0 22. Ng5 Qxe5 23. Bxh7+ Kh8 24. Rxf8+ Rxf8 25. Qxe5 Nxe5 26. Nxe6 Rf6 27. Ng5 Nf7 28. Nxf7+ Kxh7 29. Ne5 Bc6 30. Nd3 b3 31. cxb3 Bb5 32. Rd1 Re6 33. Nf4 Re3 34. Nxd5 Rxb3 35. Rd2 Bc4 36. Nc3 Kg6 37. Kf2 Kf7 38. Ke3 Ke6 39. Kd4 Bb5 40. Kc5 Bf1 41. Rd6+ Ke5 42. Rb6 Rxb6 43. Kxb6 1-0

[Event "North Island-ch rapid"]
[Site "Auckland"]
[Date "2012.07.15"]
[Round "6"]
[White "Li, Zuhao Luke"]
[Black "Stuart, Peter W"]
[Result "1-0"]
[WhiteElo "2103"]
[BlackElo "2077"]
[PlyCount "113"]
[EventDate "2012.07.15"]
[EventType "swiss (rapid)"]
[EventRounds "6"]
[EventCountry "NZL"]
[SourceTitle "EXT 2018"]
[Source "ChessBase"]
[SourceDate "2017.10.13"]
[SourceVersion "1"]
[SourceVersionDate "2017.10.13"]
[SourceQuality "1"]

1. d4 Nf6 2. c4 e6 3. Nc3 Bb4 4. f3 d5 5. a3 Bxc3+ 6. bxc3 c5 7. cxd5 Nxd5 8. dxc5 Qa5 9. e4 Ne7 10. Be3 0-0 11. Qb3 Qc7 12. Bb5 Nec6 13. f4 Na5 14. Qb4 a6 15. Be2 Nd7 16. Nf3 Nc6 17. Qb3 Na5 18. Qb4 Nc6 19. Qa4 Na5 20. Rb1 Nxc5 21. Qb4 b6 22. 0-0 Bd7 23. Ne5 Rfb8 24. Nxd7 Nc6 25. Qxb6 Rxb6 26. Nxb6 Rd8 27. Bxc5 Rd2 28. Bxa6 Nb8 29. Be3 Ra2 30. Bd3 h6 31. e5 Rxa3 32. Rfc1 Rxc3 33. Be4 g6 34. Rxc3 Qxc3 35. Bf2 Nc6 36. Bxc6 Qxc6 37. g3 Qc2 38. Re1 Qc6 39. h3 h5 40. Ra1 Kg7 41. Rd1 h4 42. gxh4 Qf3 43. Rd4 Qxh3 44. Nd7 Qg4+ 45. Kf1 Qh3+ 46. Ke2 Qg4+ 47. Ke1 Qf5 48. Nf6 Qb1+ 49. Ke2 Qb5+ 50. Kf3 Qb3+ 51. Kg2 Qb7+ 52. Kh2 Qb6 53. h5 gxh5 54. Nxh5+ Kg6 55. Ng3 Qc5 56. f5+ exf5 57. Rd6+ 1-0

[Event "North Island-ch"]
[Site "Auckland"]
[Date "2012.07.12"]
[Round "4"]
[White "Stuart, Peter W"]
[Black "Tsoi, Nicole"]
[Result "1/2-1/2"]
[WhiteElo "2018"]
[BlackElo "1766"]
[PlyCount "59"]
[EventDate "2012.07.11"]
[EventType "swiss"]
[EventRounds "8"]
[EventCountry "NZL"]
[SourceTitle "EXT 2018"]
[Source "ChessBase"]
[SourceDate "2017.10.13"]
[SourceVersion "1"]
[SourceVersionDate "2017.10.13"]
[SourceQuality "1"]

1. c4 e6 2. Nf3 f5 3. g3 Nf6 4. b3 Be7 5. Bb2 d6 6. Bg2 e5 7. d3 Nc6 8. 0-0 0-0 9. Nc3 Qe8 10. Nd5 Bd8 11. Qd2 Qh5 12. Qg5 Qf7 13. Nxf6+ Bxf6 14. Qd2 Qh5 15. d4 Kh8 16. d5 Nb8 17. e3 g5 18. Ne1 Qg6 19. f4 gxf4 20. exf4 e4 21. Bxf6+ Qxf6 22. Nc2 Na6 23. Qd4 Nc5 24. Qxf6+ Rxf6 25. Rfd1 a5 26. Bf1 Bd7 27. Be2 Rg8 28. Kf2 Rh6 29. h4 Kg7 30. Ne3 1/2-1/2

[Event "Queenstown op"]
[Site "Queenstown"]
[Date "2012.01.17"]
[Round "3"]
[White "Brown, Andrew"]
[Black "Stuart, Peter W"]
[Result "1/2-1/2"]
[WhiteElo "2215"]
[BlackElo "1991"]
[PlyCount "152"]
[EventDate "2012.01.15"]
[EventType "swiss"]
[EventRounds "9"]
[EventCountry "NZL"]
[SourceTitle "CBM 146 Extra"]
[Source "ChessBase"]
[SourceDate "2012.02.29"]
[SourceVersion "1"]
[SourceVersionDate "2012.02.29"]
[SourceQuality "1"]

1. d4 Nf6 2. c4 e6 3. Nf3 Bb4+ 4. Nbd2 b6 5. a3 Bxd2+ 6. Bxd2 Bb7 7. Bg5 h6 8. Bh4 d6 9. e3 Nbd7 10. Be2 a5 11. b4 axb4 12. axb4 0-0 13. 0-0 Qe7 14. Qc2 Rxa1 15. Rxa1 Ra8 16. Rxa8+ Bxa8 17. Nd2 Qf8 18. e4 Bb7 19. f3 Qa8 20. Qb2 c5 21. Bg3 d5 22. e5 Nh5 23. Bf2 Nf4 24. Bf1 cxb4 25. g3 dxc4 26. Nxc4 Nd5 27. Be1 b5 28. Nd6 Qa3 29. Qb1 Bc6 30. Qc2 Qe3+ 31. Qf2 b3 32. Qxe3 Nxe3 33. Bd3 Nb6 34. Kf2 Nec4 35. f4 b2 36. Nxc4 bxc4 37. Bc2 Ba4 38. Bb1 Nd5 39. Ke2 Kf8 40. Ba5 Ke8 41. Kd2 Kd7 42. Bc3 g6 43. Bxb2 Bb3 44. Be4 h5 45. f5 gxf5 46. Bf3 f4 47. Bxh5 fxg3 48. hxg3 Ke8 49. Ba3 c3+ 50. Kd3 Ba4 51. Kc4 c2 52. Bc1 Ke7 53. Bg5+ Kf8 54. Bf3 Bc6 55. Bg4 Ba4 56. Bd2 Ke7 57. Bf3 Kd7 58. Kc5 Bb3 59. Bh5 Ke7 60. g4 Kf8 61. g5 Kg7 62. Kb5 Kf8 63. Bg4 Kg7 64. Bh5 Kf8 65. Kc5 Ke7 66. Bg4 Kd7 67. Bh3 Ke7 68. Bf1 Kd7 69. Bb5+ Ke7 70. Bc4 Bxc4 71. Kxc4 Kd7 72. Kb3 Kc6 73. Kxc2 Kb5 74. Kd3 Ne7 75. Be3 Nd5 76. Bf2 Nb4+ 1/2-1/2

[Event "George Trundle Qualifier"]
[Site "Auckland"]
[Date "2011.07.21"]
[Round "6"]
[White "Stuart, Peter W"]
[Black "Bennett, Hilton Petrie"]
[Result "1/2-1/2"]
[WhiteElo "2005"]
[BlackElo "1994"]
[PlyCount "22"]
[EventDate "2011.07.16"]
[EventType "tourn"]
[EventRounds "9"]
[EventCountry "NZL"]
[SourceTitle "EXT 2018"]
[Source "ChessBase"]
[SourceDate "2017.10.13"]
[SourceVersion "1"]
[SourceVersionDate "2017.10.13"]
[SourceQuality "1"]

1. c4 Nf6 2. Nc3 g6 3. g3 Bg7 4. Bg2 0-0 5. e4 d6 6. Nge2 e5 7. 0-0 c6 8. d3 Be6 9. h3 Qd7 10. Kh2 Na6 11. f4 h5 1/2-1/2

[Event "NZL-ch 118th"]
[Site "Auckland"]
[Date "2011.01.11"]
[Round "10"]
[White "Dordevic, Ivan"]
[Black "Stuart, Peter W"]
[Result "1/2-1/2"]
[WhiteElo "2019"]
[BlackElo "2025"]
[PlyCount "69"]
[EventDate "2011.01.02"]
[EventType "swiss"]
[EventRounds "11"]
[EventCountry "NZL"]
[SourceTitle "CBM 140 Extra"]
[Source "ChessBase"]
[SourceDate "2011.03.01"]
[SourceVersion "1"]
[SourceVersionDate "2011.03.01"]
[SourceQuality "1"]

1. e4 c5 2. Nf3 e6 3. d4 cxd4 4. Nxd4 Nc6 5. Nc3 Qc7 6. Be2 a6 7. 0-0 Nf6 8. Be3 Bb4 9. Na4 Be7 10. Nxc6 bxc6 11. Nb6 Rb8 12. Nxc8 Qxc8 13. e5 Nd5 14. Ba7 Ra8 15. Bd4 c5 16. c4 Nf4 17. Bc3 Nxe2+ 18. Qxe2 0-0 19. f4 f5 20. Rad1 Rf7 21. Rd3 Bf8 22. Rfd1 Qc6 23. Kf2 Ra7 24. g3 a5 25. b3 a4 26. Qf3 axb3 27. axb3 Rb7 28. Qxc6 dxc6 29. Bd2 Rfd7 30. Be3 Rxd3 31. Rxd3 Kf7 32. Ke2 Ke8 33. Kd2 Rd7 34. Rxd7 Kxd7 35. Kc2 1/2-1/2

[Event "NZL-ch 118th"]
[Site "Auckland"]
[Date "2011.01.03"]
[Round "2"]
[White "Stuart, Peter W"]
[Black "Jackson, L Ross"]
[Result "1/2-1/2"]
[WhiteElo "2025"]
[BlackElo "1966"]
[PlyCount "62"]
[EventDate "2011.01.02"]
[EventType "swiss"]
[EventRounds "11"]
[EventCountry "NZL"]
[SourceTitle "CBM 140 Extra"]
[Source "ChessBase"]
[SourceDate "2011.03.01"]
[SourceVersion "1"]
[SourceVersionDate "2011.03.01"]
[SourceQuality "1"]

1. c4 Nf6 2. Nc3 g6 3. e4 d6 4. d4 Bg7 5. Be2 0-0 6. Bg5 h6 7. Be3 e5 8. d5 a5 9. g4 Na6 10. f3 Kh7 11. Qd2 Rh8 12. Bd3 h5 13. h3 Kg8 14. Qg2 Nc5 15. Bc2 Ne8 16. 0-0-0 Bh6 17. g5 Bg7 18. h4 Bd7 19. Nge2 Qb8 20. Kb1 Na6 21. Ba4 Bxa4 22. Nxa4 Qc8 23. Rc1 Qd7 24. b3 Kh7 25. Nec3 b6 26. Nb5 Qe7 27. Rhg1 Rg8 28. Rcf1 Nc5 29. Nxc5 dxc5 30. a4 Nd6 31. Nxd6 cxd6 1/2-1/2